Every Professor in Harry Potter - Statistics

General Stats
  • This quiz has been taken 56 times
  • The average score is 19 of 25
Answer Stats
Subject Professor % Correct
DADA Dolores Umbridge
93%
DADA Gilderoy Lockhart
93%
Herbology Pomona Sprout
93%
DADA Quirinus Quirrel
93%
DADA Remus Lupin
93%
Care of Magical Creatures Rubeus Hagrid
93%
DADA and Potions Severus Snape
93%
DADA Alastor 'Mad-Eye' Moody
91%
Charms Filius Flitwick
89%
Potions Horace Slughorn
89%
Transfiguration Minerva Mcgonagall
89%
Divination Sybill Trelawney
87%
Transfiguration Albus Dumbledore
82%
Flying Rolanda Hooch
80%
Muggle Studies Alecto Carrow
71%
Dark Arts Amycus Carrow
71%
History of Magic Cuthbert Binns
71%
Care of Magical Creatures Wilhelmina Grubbly-Plank
62%
Muggle Studies Charity Burbage
60%
Divination Firenze
60%
Arithmancy Septima Vector
53%
Astronomy Aurora Sinistra
49%
Herbology Neville Longbottom
49%
Care of Magical Creatures Silvanus Kettleburn
44%
DADA Galatea Merrythought
13%
No matching quizzes found
Score Distribution
Percent of People with Each Score
Percentile by Number Answered
Your Score History
You have not taken this quiz